| 000 | 00521nam a2200193 a 4500 | ||
|---|---|---|---|
| 005 | 20140310183219.0 | ||
| 008 | 030930s19uu xx 00 eng d | ||
| 020 | _a0415262690 | ||
| 050 |
_aPN 1994 _b.In537 2003 |
||
| 245 |
_aAn Introduction to film studies / _cEdited by Jill Nelmes. |
||
| 250 | _a3rd ed. | ||
| 260 |
_aLondon : _bRoutledge, _c2003. |
||
| 300 |
_axxv, 500 p. : _bill. ; _c25 cm. |
||
| 500 | _aIncludes Index | ||
| 521 | _aMC | ||
| 650 | _aMotion picture | ||
| 942 |
_cBK _2lcc _kFOR |
||
| 999 |
_c20290 _d20290 |
||